| 000 | 00758cas a22002175a 4500 | ||
|---|---|---|---|
| 001 | E143829 | ||
| 008 | 010928s2003 stk 000 0 eng u | ||
| 020 | _a0755923243 | ||
| 035 | _a(Sirsi) u143829 | ||
| 041 | _aeng | ||
| 050 | 0 | 4 | _a711.1 |
| 110 | 2 |
_aScottish Executive Development Department _93786 |
|
| 245 | 0 | 0 |
_aHousing land _bplanning advice note PAN 38 (revised 2003) _h[electronic resource] |
| 260 |
_aEdinburgh _bScottish Executive _c2003 |
||
| 300 |
_a16p. _c30cm. |
||
| 490 |
_aPlanning Advice Note _vPAN 38 |
||
| 651 | 4 |
_aScotland _y1999- |
|
| 690 |
_aResidential property _96266 |
||
| 856 | 4 | 8 |
_uhttps://www.scotland.gov.uk/Publications/2003/02/16500/18896 _zView the planning advice note free of charge at www.scotland.org.uk... |
| 942 | _n0 | ||
| 999 |
_c108277 _d108277 |
||